Discours sur la loi générale des finances, pour 1818, considére dans son rapport avec la situation politique et la situation administrative de la France

Detalles Bibliográficos
Autor principal: Bignon
Formato: Libro
Lenguaje:French
Publicado: Paris 1818
Materias:
Colección:Banco de datos
Acervo:Biblioteca Pública Central del Estado de Durango. Lic. José Ignacio Gallegos Caballero. Colección José Fernando Ramírez
Descripción Física:65 p. 4°
Tema general:Política
Notas:Portada con pleca en grabado xilográfico. Encuadernación en piel sobre cartón
LEADER 00793nam a22001810004500
035 |a 1173 
041 0 |a fre 
100 1 |a Bignon 
245 1 0 |a Discours sur la loi générale des finances, pour 1818, considére dans son rapport avec la situation politique et la situation administrative de la France  |c prononcé par M. Bignon, député du département de l'Eure. Séance du 4 avril 
260 |a Paris  |b Delaunay, libraire  |c 1818 
300 |a 65 p.  |c 4° 
500 |a Portada con pleca en grabado xilográfico. Encuadernación en piel sobre cartón 
501 |a 10 obras 
650 1 0 |a Política 
949 |a CR. 2301-C 
942 |c DURANRAM 
943 |g Biblioteca Pública Central del Estado de Durango. Lic. José Ignacio Gallegos Caballero. Colección José Fernando Ramírez 
999 |c 1078103  |d 1078103